| Tag |
First Indicator |
Second Indicator |
Subfields |
| LEADER |
00000pam a2200000 a 4500 |
| 001 |
in00000077701 |
| 005 |
20151008053824.0 |
| 008 |
810604s1981 mdua 00010 eng |
| 010 |
|
|
|a 81007286
|
| 020 |
|
|
|a 0801825474
|
| 035 |
|
|
|a (OCoLC)07555724
|
| 035 |
|
|
|9 AAH8762AM
|
| 039 |
0 |
|
|a 2
|b 3
|c 3
|d 3
|e 3
|
| 040 |
|
|
|a DLC
|c DLC
|d TXA
|d UtOrBLW
|
| 043 |
|
|
|a n-us-md
|a n-us-va
|
| 049 |
|
|
|a TXAM
|c [1803369]
|
| 050 |
0 |
0 |
|a GC511
|b .S37
|
| 082 |
0 |
|
|a 551.46/147
|2 19
|
| 100 |
1 |
|
|a Schubel, J. R.
|
| 245 |
1 |
4 |
|a The living Chesapeake /
|c J.R. Schubel.
|
| 264 |
|
1 |
|a Baltimore, Md. :
|b Johns Hopkins University Press,
|c [1981]
|
| 264 |
|
4 |
|c ©1981
|
| 300 |
|
|
|a x, 113 pages :
|b illustrations ;
|c 27 cm.
|
| 336 |
|
|
|a text
|b txt
|2 rdacontent
|
| 337 |
|
|
|a unmediated
|b n
|2 rdamedia
|
| 338 |
|
|
|a volume
|b nc
|2 rdacarrier
|
| 650 |
|
0 |
|a Oceanography
|z Chesapeake Bay (Md. and Va.)
|
| 999 |
|
|
|a MARS
|
| 999 |
f |
f |
|s 455bb9fa-bb3e-3026-ae86-4ba0959d74f0
|i 52103661-d955-37c7-aaee-fc605a8e5241
|t 0
|
| 952 |
f |
f |
|p ric
|a Texas A&M University
|b Rellis Campus
|c Joint Library Facility
|d Remote Storage
|t 0
|e GC511 .S37
|h Library of Congress classification
|i unmediated -- volume
|m A14806113662
|
| 998 |
f |
f |
|a GC511 .S37
|t 0
|l Remote Storage
|